000 00677nam a2200229 a 4500
001 59978
003 BD-RjUL
005 20211209080806.0
008 161228s1970 enk||||| |||| 001 0 eng d
020 _a0370013441
035 _a(BD-RjUL)60102
040 _aBD-RjUL
_beng
_cBD-RjUL
_dBD-RjUL
041 _aeng
082 _223
_a347.73
_bHAJ 1970
100 _aHarris, Richard
_9178416
245 1 0 _aJustice :
_bthe crisis of law, order and freedom in America /
_cRichard Harris
260 _aLondon :
_bBodley Head,
_cc1969-1970.
300 _a268 p. ;
_c24 cm.
500 _aInclude index
650 _aUnited States. -- Department of Justice.
_9178417
942 _2ddc
_cBK
999 _c59978
_d59978